000 00317nam a22001457a 4500
008 230207b ||||| |||| 00| 0 eng d
020 _a9780077538347
041 _aeng
080 _a51
082 _a51MIL
100 _a20
101 _aMATEM
245 _aCOLLEGE ALGEBRA ESSENTIALS
_cMILLER J
942 _2udc
_cBK
999 _c59323
_d59323